[Event "Lodz Autumn"]
[Site "Lodz"]
[Date "2007.11.10"]
[Round "7"]
[White "Rawicz, Karol"]
[Black "Sosnia, Pawel"]
[Result "1-0"]
[WhiteElo "2195"]
[BlackElo "2000"]
[PlyCount "71"]
[EventDate "2007.10.19"]
[EventType "tourn"]
[EventRounds "9"]
[EventCountry "POL"]
[SourceTitle "EXT 2011"]
[Source "ChessBase"]
[SourceDate "2010.11.26"]
[SourceVersion "1"]
[SourceVersionDate "2010.11.26"]
[SourceQuality "1"]

1. Nf3 Nf6 2. g3 g6 3. Bg2 Bg7 4. 0-0 c5 5. c4 Nc6 6. Nc3 0-0 7. d4 cxd4 8. Nxd4 Nxd4 9. Qxd4 d6 10. Qd3 a6 11. Rd1 Qc7 12. Bg5 Be6 13. Nd5 Bxd5 14. cxd5 Qd7 15. Rac1 Rfc8 16. b3 Rxc1 17. Rxc1 Rc8 18. Rc4 Rxc4 19. Qxc4 Kf8 20. Bd2 Qd8 21. Bh3 Nd7 22. Ba5 b6 23. Bd2 Nc5 24. b4 b5 25. Qh4 Na4 26. Qxh7 e5 27. dxe6 Qf6 28. exf7 Qxf7 29. Bh6 Bxh6 30. Qxh6+ Ke7 31. Qh4+ Kf8 32. Qd8+ Kg7 33. Qxd6 Nc3 34. Qd4+ Qf6 35. Qxf6+ Kxf6 36. Bc8 1-0